| 000 | 00647nam a2200193 a 4500 | ||
|---|---|---|---|
| 005 | 20230920064241.0 | ||
| 008 | 991125s1994 cha 000 0 spa u | ||
| 020 | _a0915741547 | ||
| 035 | _aUPN01000038359 | ||
| 049 | _aI | ||
| 050 | 4 |
_aQP434 _bM3.58 |
|
| 100 | 1 | _aMartin, Paul D. | |
| 245 | 1 | 0 |
_aMensajeros al cerebro : _bnuestros fantásticos sentidos / _cpor Paul D. Martin ; tr. MarÃa Larios Sanz. |
| 260 |
_aWashington, D.C. : _bNational Geographic Society : _aStampley Enterprises, _c1994. |
||
| 300 |
_a96 p. : _bil., col. |
||
| 650 | 4 |
_aCEREBRO - _vLITERATURA JUVENIL _96725 |
|
| 650 | 4 |
_aSentidos y sensaciones _96763 |
|
| 905 | _aInfantil | ||
| 999 |
_c38359 _d38359 |
||